000 00406nam a2200181Ia 4500
008 151202s9999||||xx |||||||||||||| ||und||
082 _bPNVM-71449
100 _aROBERTS NORA.
245 _aMidnight Bayou.
260 _b---
260 _c71449
300 _a0
600 _aROBERTS NORA.
630 _aMidnight Bayou.
700 _aROBERTS NORA.
730 _aMidnight Bayou.
942 _cBOOK
999 _c1338100
_d1338097